000
00246nam a2200097Ia 4500
008
200302s9999 xx 000 0 und d
100
_a
Author
245
_a
Fevicol Furniture Book Wall Units Vol 1
260
_b
Pidilite Industries Ltd.,
260
_c
1997
999
_c
981
_d
981